La Russie par images - Statistiques

Statistiques générales
  • Ce quiz a été pris 11 859 fois
  • Le résultat moyen est 12 sur 18
Statistiques - réponses
Par images Hint Réponse % Correct
(ancien pays) Union Soviétique
98%
(alcool) Vodka
98%
(jeu vidéo) Tetris
91%
(homme politique) Vladimir Poutine
85%
(ville) Saint-Pétersbourg
83%
(aliment) Caviar
77%
(invention) Tableau périodique
75%
(satellite) Spoutnik 1
74%
(guérisseur) Raspoutine
72%
(chaîne de montagnes) Oural
61%
(forteresse) Kremlin
58%
(dessin animé) Masha et {Michka}
58%
(fleuve) Volga
54%
(ballet) Le Lac des Cygnes
52%
(entreprise) Gazprom
51%
(impératrice) Catherine II
37%
(péninsule) Kamtchatka
22%
(ustensile) Samovar
17%
Aucun quiz correspondant
Distribution des résultats
% des personnes avec chaque résultat
Percentile par nombre de réponses
Votre historique - résultats
Vous n’avez pas pris ce quiz